Kannada janapad kathegalu (Record no. 86937)
[ view plain ]
| 000 -LEADER | |
|---|---|
| fixed length control field | 00678nam a2200205Ia 4500 |
| 003 - CONTROL NUMBER IDENTIFIER | |
| control field | OSt |
| 005 - DATE AND TIME OF LATEST TRANSACTION | |
| control field | 20250530163731.0 |
| 008 - FIXED-LENGTH DATA ELEMENTS--GENERAL INFORMATION | |
| fixed length control field | 210210b1982 xxu||||| |||| 00| 0 eng d |
| 040 ## - CATALOGING SOURCE | |
| Transcribing agency | AL |
| 041 ## - LANGUAGE CODE | |
| Language code of text/sound track or separate title | Kannada |
| 082 ## - DEWEY DECIMAL CLASSIFICATION NUMBER | |
| Classification number | 398.2K SANK |
| 100 ## - MAIN ENTRY--PERSONAL NAME | |
| Personal name | SANDHYAREDDI (K R) |
| Dates associated with a name | ಸಂಧ್ಯಾರೆಡ್ಡಿ (ಕೆ ಅರ್) |
| 9 (RLIN) | 211933 |
| 245 ## - TITLE STATEMENT | |
| Title | Kannada janapad kathegalu |
| Remainder of title | ಕನ್ನಡ ಜಾನಪದ ಕಥೆಗಳು |
| 260 ## - PUBLICATION, DISTRIBUTION, ETC. | |
| Place of publication, distribution, etc. | Bengaluru. |
| Name of publisher, distributor, etc. | Kannada shitya Parishattu., |
| Date of publication, distribution, etc. | 1982 |
| 300 ## - PHYSICAL DESCRIPTION | |
| Extent | xii,543 |
| 690 ## - LOCAL SUBJECT ADDED ENTRY--TOPICAL TERM (OCLC, RLIN) | |
| Topical term or geographic name as entry element | Folklore |
| 9 (RLIN) | 211934 |
| 700 ## - ADDED ENTRY--PERSONAL NAME | |
| Personal name | Hampa Nagarajayya |
| Dates associated with a name | ಹಂಪ ನಾಗರಾಜಯ್ಯ, ಸಂಪ. |
| 9 (RLIN) | 211935 |
| 906 ## - LOCAL DATA ELEMENT F, LDF (RLIN) | |
| a | 036761 |
| 942 ## - ADDED ENTRY ELEMENTS (KOHA) | |
| Source of classification or shelving scheme | Dewey Decimal Classification |
| Koha item type | Book |
| Withdrawn status | Lost status | Source of classification or shelving scheme | Damaged status | Not for loan | Collection code | Home library | Current library | Shelving location | Date acquired | Cost, normal purchase price | Total Checkouts | Full call number | Barcode | Date last seen | Price effective from | Koha item type |
|---|---|---|---|---|---|---|---|---|---|---|---|---|---|---|---|---|
| Dewey Decimal Classification | Others | St Aloysius Library | St Aloysius Library | 02/17/2021 | 10.00 | 398.2K SANK | 036761 | 02/17/2021 | 02/17/2021 | Book |